000 00436nam a2200181Ia 4500
003 GCL
040 _aGCL /
_cGCL
082 0 4 _aCC
_b932
_bC G
100 1 _aCORNELIUS,FRIEDRICH
245 1 0 _aGEISTESGESCHICHTE DER FRUHZEIT /
_cCORNELIUS,FRIEDRICH
260 _a[S.N] :
_bE. J. BRILL ،
_c1962
300 _a258P
650 0 4 _aANCIENT EGYPT
650 0 4 _aHISTORY
650 0 4 _aEGYPTOLOGY
650 0 4 _aPREHISTORY
942 _2ddc
_cBK
999 _c11689
_d11689